Szczegóły MARC21

Życie codzienne w Grecji w epoce homeryckiej /

003 -Nazwa inst., której nr kontr. jest w polu 001 [,]
    • @
    • Nazwa instytucji, której n kontrolny jest w polu 001
    • NUKAT
005 -DATA I CZAS OSTATNIEJ MODYFIKACJI [,]
    • @
    • pole kontrolne
    • 20241231093103.0
040 -Instytucja sporządzająca opis [ , ]
    • a
    • Instytucja, która sporządziła opis (NP)
    • WA U/KU
    • c
    • Instytucja, która sporządziła rekord (NP)
    • WA U/KU
    • d
    • Instytucja, która zmodyfikowała rekord (P)
    • WA U/JL
    • d
    • Instytucja, która zmodyfikowała rekord (P)
    • KR 295/AD
    • d
    • Instytucja, która zmodyfikowała rekord (P)
    • WA U/EMB
    • d
    • Instytucja, która zmodyfikowała rekord (P)
    • OLSZT 003/JG
    • d
    • Instytucja, która zmodyfikowała rekord (P)
    • GD 27/LKs
041 -Język dokumentu [1, ]
    • a
    • Język tekstu (P)
    • polski
    • h
    • Język tekstu oryginalnego i/lub pośredniego (P)
    • francuski
942 -Rodzaj dokumentu [ , ]
    • c
    • Rodzaj dokumentu
    • Książka
100 -Hasło główne - nazwa osobowa [1, ]
    • a
    • Nazwa osobowa (NP)
    • Mireaux, Émile
    • d
    • Daty biograficzne (NP)
    • (1885-1969).
    • 9
    • KHW
    • 492522
240 -Tytuł ujednolicony [1,0]
    • a
    • Tytuł ujednolicony
    • Vie quotidienne au temps d'Homère
    • l
    • Język tekstu
    • (pol.)
    • 9
    • KHW
    • 501358
245 -Strefa tytułu i oznaczenia odpowiedzialności [1,0]
    • a
    • Tytuł
    • Życie codzienne w Grecji w epoce homeryckiej / Find
    • c
    • Pozostałe elementy strefy tytułu i oznaczenia odpowiedzialności (NP)
    • Emile Mireaux ; przeł. Stanisław Kołodziejczyk.
260 -Strefa adresu wydawniczego [ , ]
    • a
    • Miejsce wydania (P)
    • Warszawa :
    • b
    • Nazwa wydawcy (P)
    • Państwowy Instytut Wydawniczy,
    • c
    • Data wydania (P)
    • 1962.
300 -Strefa opisu fizycznego [ , ]
    • a
    • Określenie formy książki i/lub objętość (NP)
    • 210, [2] s., [32] s. tabl. ;
    • c
    • Format (NP)
    • 25 cm.
336 -Typ zawartości [ , ]
    • a
    • Termin opisujący typ zawartości
    • Tekst
    • b
    • Kod określający zawartość
    • txt
    • 2
    • Źródło (terminu i kodu)
    • rdacontent
337 -Typ mediów [ , ]
    • a
    • Tryb odtwarzania
    • Bez urządzenia pośredniczącego
    • b
    • Kod typu mediów
    • n
    • 2
    • Źródło (terminu i kodu)
    • rdamedia
338 -Typ/rodzaj nośnika [ , ]
    • a
    • Hasło opisujące typ nośnika
    • Wolumin
    • b
    • Kod typu nośnika
    • nc
    • 2
    • Źródło (terminu i kodu)
    • rdacarrier
490 -Strefa serii i książki wielotomowej - forma nie do wyszukiwania [1, ]
    • a
    • Tytuł (P)
    • Życie Codzienne... Find
830 -Hasło dodatkowe serii i opisu książki wielotomowej - tytuł ujednolicony/tytuł [ ,0]
    • a
    • Tytuł ujednolicony/tytuł (NP)
    • Życie Codzienne... (Warszawa)
    • 9
    • KHW
    • 15924
651 -Hasło przedmiotowe w formie nazwy geograficznej [ ,7]
    • a
    • Nazwa geograficzna
    • Grecja
    • x
    • Określnik rzeczowy
    • obyczaje i zwyczaje
    • y
    • Określnik chronologiczny
    • starożytność.
    • 2
    • Źródło terminu
    • kaba
    • 9
    • KHW
    • 110424
700 -Hasło dodatkowe - nazwa osobowa [1, ]
    • a
    • Nazwa osobowa (NP)
    • Kołodziejczyk, Stanisław Find
    • d
    • Daty biograficzne (NP)
    • ( -2001).
    • e
    • Określenie rodzaju współpracy
    • Tł.
    • 9
    • KHW
    • 483314
710 -Hasło dodatkowe - nazwa ciała zbiorowego [2, ]
    • a
    • Nazwa ciała zbiorowego lub nazwa geograficzna jako pierwszy element (NP)
    • Państwowy Instytut Wydawniczy.
    • 4
    • Kod relacji
    • pbl
    • 9
    • KHW
    • 51410
Numer inwentarzowy Sygnatura Status udost. Obwoluta Data inwentaryzacji Lokalizacja
E.8947 1  BE
Z.76603Z.766031 2002-10-28BG
JK.146 1 2002-11-18BG
SN.25556 -3  BG
H.38170 112025-06-04BNS